| 000 | 00397cam a22001217a 4500 | ||
|---|---|---|---|
| 008 | 180718b1957 xxu||||| |||| 00| 0 eng d | ||
| 082 | _aB67x54 SA79 | ||
| 100 | _aSastri, K.N.V. | ||
| 245 |
_aPrinciples of district administation in India _cby K.N.V. Sastri |
||
| 260 |
_aDelhi _bMetropolian Book Co. Private Ltd. _c1957 |
||
| 300 | _aii, 102p | ||
| 650 | _aLocal government - India. [from old catalog] | ||
| 999 |
_c408737 _d408737 |
||